00796 a2200181 45000010006000000050017000060080041000230030015000640400040000790800033001192450097001522640028002493000019002775050260002960410008005561000021005647000029005856317920260407155927.0260407a1972 arg spa dAR-UNSa-BCEJYS aAR-UNSa-BCEJYSbspacAR-UNSa-BCEJYS a339.72.053xBalanza de pagos10aBalanza de pagos y tipo de cambiopIntroducción a los problemas monetarios internacionales 1aMadrid :bAguilarc1972 a223 p.c21 cm. a 1. Las transacciones económicas internacionales y su financiación (los pagos internacionales) - 2. La balanza estadística de pagos – 3. La balanza de pagos como mercado (el mercado de divisas) – 4. Desequilibrio y ajuste de la balanza de pagos. aspa1 aSchneider, Erich1 aMerino, Luis A. Martín